| 000 | 00984cam a2200337 4500 | ||
|---|---|---|---|
| 001 | ABS65704 | ||
| 008 | 020729n2002 000 0 eng u | ||
| 035 | _a(Sirsi) u119093 | ||
| 245 | _aRegional survey: North-east | ||
| 260 | _c2002 | ||
| 490 |
_aProperty Week _v67(28) 19 July 2002, 49-68(7) |
||
| 590 | _aABS | ||
| 650 | _aNORTHEAST ENGLAND | ||
| 650 | _aGATESHEAD | ||
| 650 | _aSUNDERLAND | ||
| 650 | _aNEWCASTLE UPON TYNE | ||
| 650 | _aINDUSTRIAL MARKET | ||
| 650 | _aPROPERTY-COMMERCIAL PROPERTY-RETAIL PROPERTY-RETAIL PROPERTY MARKET | ||
| 650 | _aGOSFORTH | ||
| 650 | _aMIDDLESBROUGH | ||
| 650 | _aDARLINGTON | ||
| 650 | _aDURHAM | ||
| 650 | _aHARTLEPOOL | ||
| 650 | _aSTOCKTON-ON-TEES | ||
| 650 | _aPROPERTY-COMMERCIAL PROPERTY-OFFICE PROPERTY-OFFICE PROPERTY MARKET | ||
| 650 | _aBISHOP AUCKLAND | ||
| 650 | _aRESIDENTIAL MARKET | ||
| 650 | _aSOUTH SHIELDS | ||
| 690 | _aPROPERTY-COMMERCIAL PROPERTY-COMMERCIAL PROPERTY MARKET | ||
| 942 | _n0 | ||
| 999 |
_c70839 _d70839 |
||